| 000 | 01017cab a2200313 4500 | ||
|---|---|---|---|
| 001 | ABS46479 | ||
| 008 | 090401t1992 xxu||||| |||| 00| 0 eng d | ||
| 035 | _a(Sirsi) u58483 | ||
| 041 | _aeng | ||
| 245 | _aAlternative land use | ||
| 260 | _c1992 | ||
| 350 | _a0 | ||
| 490 |
_aFarm Development Review _v6(8) June 1992, 1-8(8) |
||
| 520 | _aSpeciality food forms a theme in this month`s issue, with regional food groups and snail farming both prominent. Diversification into reclaimed building materials, markets and marketing, and coppicing for fuel are also covered. | ||
| 650 | _aADAS FOOD MARKETING AWARDS | ||
| 650 | _aCOPPICING | ||
| 650 | _aCOSTS | ||
| 650 | _aDEMOLITION | ||
| 650 | _aENERGY COPPICE | ||
| 650 | _aFARM DIVERSIFICATION | ||
| 650 | _aFARM WOOD FUEL AND ENERGY PROJECT | ||
| 650 | _aOPEN-AIR MARKETS | ||
| 650 | _aRECLAIMED BUILDING MATERIALS | ||
| 650 | _aSNAIL FARMING | ||
| 650 | _aSPECIALITY FOODS | ||
| 690 | _aRURAL PRACTICE | ||
| 942 | _n0 | ||
| 948 | _c04/03/1997 | ||
| 999 |
_c35712 _d35712 |
||